Heartiest gratitude to you an Iconic human Bangabandhu / (Record no. 6920)
[ view plain ]
| 000 -LEADER | |
|---|---|
| fixed length control field | 00670nam a22002057a 4500 |
| 003 - CONTROL NUMBER IDENTIFIER | |
| control field | BUBTL |
| 008 - FIXED-LENGTH DATA ELEMENTS--GENERAL INFORMATION | |
| fixed length control field | 230114b ||||| |||| 00| 0 eng d |
| 020 ## - INTERNATIONAL STANDARD BOOK NUMBER | |
| International Standard Book Number | 9789849494553 |
| 082 ## - DEWEY DECIMAL CLASSIFICATION NUMBER | |
| Classification number | 891.441/ K1231h/ 2021 |
| 100 ## - MAIN ENTRY--PERSONAL NAME | |
| 9 (RLIN) | 5167 |
| Personal name | Kaiser, Reza |
| 245 ## - TITLE STATEMENT | |
| Title | Heartiest gratitude to you an Iconic human Bangabandhu / |
| Statement of responsibility, etc. | Reza Kaiser |
| 250 ## - EDITION STATEMENT | |
| Edition statement | 1st Edn. |
| 260 ## - PUBLICATION, DISTRIBUTION, ETC. (IMPRINT) | |
| Place of publication, distribution, etc. | Chittagong: |
| Name of publisher, distributor, etc. | Balaka Prokashon, |
| Date of publication, distribution, etc. | c2021 |
| 300 ## - PHYSICAL DESCRIPTION | |
| Extent | 104 p.: |
| Dimensions | 22 cm. |
| 505 ## - FORMATTED CONTENTS NOTE | |
| Formatted contents note | Heartiest gratitude to you an Iconic human Bangabandhu, Bangabandhu, Reza Kaiser |
| 650 #0 - SUBJECT ADDED ENTRY--TOPICAL TERM | |
| 9 (RLIN) | 4372 |
| Topical term or geographic name as entry element | Bangabandhu |
| 856 ## - ELECTRONIC LOCATION AND ACCESS | |
| Password | 0 |
| Logon | 0 |
| Link text | Download |
| 942 ## - ADDED ENTRY ELEMENTS (KOHA) | |
| Source of classification or shelving scheme | |
| Koha item type | Books |
| Withdrawn status | Lost status | Source of classification or shelving scheme | Damaged status | Not for loan | Collection code | Permanent location | Current location | Shelving location | Date acquired | Source of acquisition | Inventory number | Total Checkouts | Full call number | Barcode | Date last seen | Copy number | Price effective from | Koha item type |
|---|---|---|---|---|---|---|---|---|---|---|---|---|---|---|---|---|---|---|
| Fiction | Bangladesh University of Business and Technology Library | Bangladesh University of Business and Technology Library | Historical Books | 12/26/2022 | Purchase | 29185 | 891.441/ K1231h/ 2021 | BUBTL-200329185 | 01/14/2023 | C-1 | 01/14/2023 | Books | ||||||
| Fiction | Bangladesh University of Business and Technology Library | Bangladesh University of Business and Technology Library | Historical Books | 12/26/2022 | Purchase | 29186 | 891.441/ K1231h/ 2021 | BUBTL-200329186 | 01/14/2023 | C-2 | 01/14/2023 | Books | ||||||
| Fiction | Bangladesh University of Business and Technology Library | Bangladesh University of Business and Technology Library | Historical Books | 12/26/2022 | Purchase | 29187 | 891.441/ K1231h/ 2021 | BUBTL-200329187 | 01/14/2023 | C-3 | 01/14/2023 | Books | ||||||
| Fiction | Bangladesh University of Business and Technology Library | Bangladesh University of Business and Technology Library | Historical Books | 12/26/2022 | Purchase | 29188 | 891.441/ K1231h/ 2021 | BUBTL-200329188 | 01/14/2023 | C-4 | 01/14/2023 | Books | ||||||
| Fiction | Bangladesh University of Business and Technology Library | Bangladesh University of Business and Technology Library | Historical Books | 12/26/2022 | Purchase | 29189 | 891.441/ K1231h/ 2021 | BUBTL-200329189 | 01/14/2023 | C-5 | 01/14/2023 | Books |
